|
|
|
|
| LEADER |
00000cam a2200000 c 4500 |
| 001 |
273844113 |
| 003 |
DE-627 |
| 005 |
20251222212533.0 |
| 007 |
tu |
| 008 |
990101s1986 xx ||||| 00| ||eng c |
| 020 |
|
|
|a 0899502172
|9 0-89950-217-2
|
| 035 |
|
|
|a (DE-627)273844113
|
| 035 |
|
|
|a (DE-576)020890206
|
| 035 |
|
|
|a (DE-599)GBV273844113
|
| 035 |
|
|
|a (OCoLC)246868086
|
| 035 |
|
|
|a (OCoLC)13792501
|
| 040 |
|
|
|a DE-627
|b ger
|c DE-627
|e rakwb
|
| 041 |
|
|
|a eng
|
| 082 |
0 |
|
|a 364.3/74/0973
|
| 100 |
1 |
|
|a Ross, Robert R.
|d 1933-
|0 (DE-588)170077551
|0 (DE-627)060101857
|0 (DE-576)130989576
|4 aut
|
| 109 |
|
|
|a Ross, Robert R. 1933-
|
| 245 |
1 |
0 |
|a Female offenders
|b correctional afterthoughts
|c by Robert R. Ross and Elizabeth A. Fabiano
|
| 250 |
|
|
|a [update and rev.]
|
| 264 |
|
1 |
|a Jefferson, NC [u.a.]
|b McFarland
|c 1986
|
| 300 |
|
|
|a VIII, 120 S
|
| 336 |
|
|
|a Text
|b txt
|2 rdacontent
|
| 337 |
|
|
|a ohne Hilfsmittel zu benutzen
|b n
|2 rdamedia
|
| 338 |
|
|
|a Band
|b nc
|2 rdacarrier
|
| 500 |
|
|
|a Literaturverz. S. 91 - 111
|
| 583 |
1 |
|
|a Archivierung prüfen
|c 20200919
|f DE-640
|z 2
|2 pdager
|
| 700 |
1 |
|
|a Fabiano, Elizabeth A.
|0 (DE-627)1236674073
|0 (DE-576)166674079
|4 aut
|
| 935 |
|
|
|i Blocktest
|
| 951 |
|
|
|a BO
|
| ELC |
|
|
|b 1
|
| LOK |
|
|
|0 000 xxxxxcx a22 zn 4500
|
| LOK |
|
|
|0 001 3340238480
|
| LOK |
|
|
|0 003 DE-627
|
| LOK |
|
|
|0 004 273844113
|
| LOK |
|
|
|0 005 19900704000000
|
| LOK |
|
|
|0 008 900704||||||||||||||||ger|||||||
|
| LOK |
|
|
|0 040
|a DE-21
|c DE-627
|d DE-21
|
| LOK |
|
|
|0 852
|a DE-21
|
| LOK |
|
|
|0 852 1
|c KB 8 E 363
|9 00
|
| LOK |
|
|
|0 935
|a krim
|
| LOK |
|
|
|0 936ln
|a k1
|
| LOK |
|
|
|0 939
|a 04-07-90
|b l01
|
| ORI |
|
|
|a SA-MARC-krimdoka001.raw
|
| SIG |
|
|
|a UB: KB 8 E 363
|